Lobo, estás?: guía para el profesor

Saved in:
Bibliographic Details
Format: Book
Language:Spanish
Published: Santiago Ministerio de Educación 1995
Subjects:
Tags: Add Tag
No Tags, Be the first to tag this record!

MARC

LEADER 00000nam a2200000 a 4500
001 UCP5091
003 CL-VaPUC
008 990827e19950000CL |||||||||||||||||spa|d
082 0 4 |a 372.41  |b MIN  |2 21 
245 1 0 |a Lobo, estás?: guía para el profesor 
300 |a 48 p 
942 |c BK 
945 |d 19990827 00:00:00  |a cmena 
260 |a Santiago  |b Ministerio de Educación  |c 1995 
650 0 |a Métodos de enseñanza  |9 270413 
650 0 |a Lenguaje   |9 265069 
650 0 |a Escritura  |9 264941 
650 7 |a DESARROLLO DE LA PERSONALIDAD  |2 CL-VaPUC  |9 311216 
583 |a last modification  |c 19990827 00:00:00  |k Rodrigo Vera 
999 |c 282916  |d 282914 
952 |0 0  |1 0  |4 0  |6 372_410000000000000_MIN_1995  |7 0  |8 A  |9 325532  |a BIBEDU  |b BIBEDU  |d 2019-11-20  |i 323228K  |o 372.41 MIN 1995  |p 323228K  |r 2019-11-20  |w 2019-11-20  |y BK  |k EDU